| 000 | 01670nac a22003491u 4500 | ||
|---|---|---|---|
| 090 | _c5046 | ||
| 008 | 080730t xxu||||| |||| 00| 0 eng d | ||
| 010 | _a 2003063965 | ||
| 020 | _a0375422854 | ||
| 082 | 0 |
_a320.557 _bM263 |
|
| 100 | _aMamdani, Mahmood, | ||
| 245 | 1 | 0 |
_aGood Muslim, bad Muslim : _bAmerica, the Cold War, and the roots of terror / _cMahmood Mamdani. |
| 250 | _a1st ed. | ||
| 260 |
_aNew York : _bPantheon Books,2004 _c2004. |
||
| 300 |
_axii, 304 p. ; _c22 cm. |
||
| 504 | _aIncludes bibliographical references and index. | ||
| 650 | 0 | _aCold War. | |
| 650 | 0 |
_aIslam and politics _xHistory _y20th century. |
|
| 650 | 0 |
_aTerrorism _xPolitical aspects _xHistory _y20th century. |
|
| 650 | 0 |
_aDrug traffic _xPolitical aspects _xHistory _y20th century. |
|
| 650 | 0 | _aSeptember 11 Terrorist Attacks, 2001. | |
| 651 | 0 |
_aUnited States _xForeign relations _y1945-1989. |
|
| 651 | 0 |
_aUnited States _xForeign relations _zAfghanistan. |
|
| 651 | 0 |
_aAfghanistan _xForeign relations _zUnited States. |
|
| 651 | 0 |
_aUnited States _xForeign relations _zDeveloping countries. |
|
| 651 | 0 |
_aDeveloping countries _xForeign relations _zUnited States. |
|
| 856 | 4 | 2 |
_3Contributor biographical information _uhttp://www.loc.gov/catdir/bios/random051/2003063965.html |
| 856 | 4 | 2 |
_3Sample text _uhttp://www.loc.gov/catdir/samples/random051/2003063965.html |
| 856 | 4 | 2 |
_3Publisher description _uhttp://www.loc.gov/catdir/description/random047/2003063965.html |
| 942 |
_cNB _k320.557M263 _2ddc |
||
| 999 |
_c5046 _d5046 |
||